Clinical Nursing Procedures (Record no. 252117)

MARC details
000 -LEADER
fixed length control field 00342pam a2200133a 44500
008 - FIXED-LENGTH DATA ELEMENTS--GENERAL INFORMATION
fixed length control field 230405s2018 xxu||||| |||| 00| 0 eng d
020 ## - INTERNATIONAL STANDARD BOOK NUMBER
International Standard Book Number 9789386478931
Terms of availability Rs. 1195/-
082 ## - DEWEY DECIMAL CLASSIFICATION NUMBER
Classification number 610.73
Item number GHA
100 ## - MAIN ENTRY--PERSONAL NAME
Personal name Ghai,Sandhya
245 ## - TITLE STATEMENT
Title Clinical Nursing Procedures
260 ## - PUBLICATION, DISTRIBUTION, ETC.
Place of publication, distribution, etc. New Delhi
Name of publisher, distributor, etc. CBS Pub.
Date of publication, distribution, etc. 2018
300 ## - PHYSICAL DESCRIPTION
Extent 1131 p.
906 ## - LOCAL DATA ELEMENT F, LDF (RLIN)
a 003887

No items available.